Państwa graniczące z Chinami - Statystyki

Ogólne statystyki
  • Ten quiz został rozwiązany 68 razy
  • Średni wynik to 12 z 16
Statystyki odpowiedzi
Numer Odpowiedz % Poprawnych
3 Indie
96%
14 Mongolia
94%
13 Rosja
94%
12 Korea Północna
92%
2 Pakistan
92%
15 Kazachstan
88%
16 Kirgistan
85%
5 Tadżykistan
85%
9 Wietnam
85%
8 Laos
83%
4 Nepal
83%
6 Bhutan
81%
7 Mjanma
81%
1 Afganistan
79%
11 Macau
10%
10 Honkkong
8%
Nie znaleziono quizów pasujących do podanych kryteriów
Rozkład punktacji
Procent ludzi z każdym wynikiem
Percentyl według liczby udzielonych odpowiedzi
Twoja historia wyników
Nie rozwiązałeś tego quizu